Catálogo
 En Linea
Vista normal Vista MARC

Entrada Nombre personal

Número de registros utilizados en: 1

001 - NÚMERO DE CONTROL

  • campo de control: 82419

003 - IDENTIFICADOR DEL NÚMERO DE CONTROL

  • campo de control: DO-SdBNP

005 - FECHA Y HORA DE LA ÚLTIMA TRANSACCIÓN

  • campo de control: 20220922143229.0

008 - DATOS DE LONGITUD FIJA

  • campo de control de longitud fija: 220922|| aca||aabn | a|a d

040 ## - FUENTE DE LA CATALOGACIÓN

  • Centro catalogador/agencia de origen: DO-SdBNP
  • Centro/agencia transcriptor: DO-SdBNP

100 ## - ENCABEZAMIENTO-NOMBRE DE PERSONA

  • Nombre de persona: Trujillo Molina, Rafael Leónidas
  • Fechas asociadas al nombre: 1891-1961
  • Título de la obra: Discurso

670 ## - FUENTE DE DATOS ENCONTRADOS

  • Cita de la fuente: Work cat.: (DO-SdBNP)52449: República Dominicana. Presidente 1981-1989 82417, Discurso, pronunciado por el geralisimo Doctor Rafael Leónidas Trujillo Molina, en su visita a la región del sur con motivo de la inauguración del Canal de Riesgo de Matayaya, 1936

Con tecnología Koha